Marilyn Monroe Movies Quiz Stats

 Plays Quiz Updated Feb 28, 2020

     
Support Sporcle.
Go Orange.
Score 0/26 Timer 07:00
0 Plays Today
Year Movie % Correct
1959Some Like It Hot
90.5%
1955The Seven Year Itch
79%
1953Gentlemen Prefer Blondes
73.6%
1961The Misfits
55.5%
1953How to Marry a Millionaire
51.9%
1956Bus Stop
49.2%
1950All About Eve
44.2%
1953Niagara
41.4%
1957The Prince and the Showgirl
33.1%
1952Monkey Business
28.9%
1950The Asphalt Jungle
26.6%
1960Let's Make Love
26.3%
1954River of No Return
25.9%
Year Movie % Correct
1962Something's Got to Give
24.9%
1954There's No Business Like Show Business
23.8%
1952Don't Bother to Knock
20.4%
1949Love Happy
16%
1952We're Not Married!
15.8%
1952Clash by Night
13.9%
1951Love Nest
13.4%
1949Ladies of the Chorus
13.2%
1951Let's Make It Legal
12.8%
1952O. Henry's Full House
12.6%
1950The Fireball
10.8%
1951As Young as You Feel
10.7%
1951Home Town Story
10.3%

From the Vault

Remove Ads.
Support Sporcle.
Get the best of Sporcle when you Go Orange. This ad-free experience offers more features, more stats, and more fun while also helping to support Sporcle. Thank you for becoming a member.

Show Comments

Extras

Top Quizzes Today


Score Distribution

Your Account Isn't Verified!

In order to create a playlist on Sporcle, you need to verify the email address you used during registration. Go to your Sporcle Settings to finish the process.

Report this User

Report this user for behavior that violates our Community Guidelines.

Details: